| 000 | 00332nam a22001211a 4500 | ||
|---|---|---|---|
| 999 |
_c165165 _d165165 |
||
| 082 |
_a _b |
||
| 245 |
_aEcoaesthetic and ecocritical probings _bby Anu Shukla (ed.). _csociety, politics, economy and culture/ |
||
| 260 |
_aNew Delhi: _bIASCL, _c2009. |
||
| 300 | _a201p. | ||
| 650 | _aHistory | ||
| 650 | _aHistory India | ||
| 942 | _cBK | ||